Länder, die keine Kernwaffen besitzen - Statistiken

Allgemein
  • Dieses Quiz wurde 6 mal gespielt
  • Das Durchschnittsergebnis liegt bei 31 aus 63
Antwortstatistiken
Länder % Korrekt
Luxemburg
83%
San Marino
83%
Vatikanstadt
83%
Armenien
67%
Belarus
67%
Estland
67%
Lettland
67%
Litauen
67%
Malediven
67%
Malta
67%
Monaco
67%
Osttimor
67%
Palau
67%
Zypern
67%
Afghanistan
50%
Aserbaidschan
50%
Bahrain
50%
Bangladesch
50%
Bhutan
50%
Finnland
50%
Georgien
50%
Griechenland
50%
Irak
50%
Iran
50%
Irland
50%
Island
50%
Japan
50%
Jemen
50%
Jordanien
50%
Kanada
50%
Katar
50%
Kuwait
50%
Nauru
50%
Nepal
50%
Norwegen
50%
Oman
50%
Portugal
50%
Saudi-Arabien
50%
Schweden
50%
Schweiz
50%
Sri Lanka
50%
Südkorea
50%
Syrien
50%
Taiwan
50%
Vereinigte Arabische Emirate
50%
Albanien
33%
Bosnien und Herzegowina
33%
Bulgarien
33%
Dänemark
33%
Kosovo
33%
Kroatien
33%
Moldau
33%
Montenegro
33%
Nordmazedonien
33%
Österreich
33%
Serbien
33%
Slowakei
33%
Slowenien
33%
Spanien
33%
Tschechien
33%
Ukraine
33%
Rumänien
17%
Ungarn
17%
Keine übereinstimmenden Quizze gefunden
Verteilung der Resultate
Anzahl Personen mit jedem Resultat
Perzentil nach korrekt beantworteten Fragen
Ihre Resultats-Entwicklung
Sie haben dieses Quiz noch nicht gespielt